书目信息 |
| 题名: |
新中国美术图史
|
|
| 作者: | 陈履生 著 | |
| 分册: | ||
| 出版信息: | 北京 中国青年出版社 2000 |
|
| 页数: | 388页 | |
| 开本: | 16开 | |
| 丛书名: | ||
| 单 册: | ||
| 中图分类: | J120.97-64 | |
| 科图分类: | ||
| 主题词: | 艺术--中国 , 美术史--中国 | |
| 电子资源: | ||
| ISBN: | 7-5006-3973-2 | |
| 000 | 00622nam0 2200217 45 | |
| 001 | 0210220866 | |
| 005 | 20031219104058.8 | |
| 010 | @a7-5006-3973-2@dCNY168.00 | |
| 100 | @a20021022d2000 km y0chiy0120 ea | |
| 101 | 0 | @achi |
| 105 | @aa z 000yy | |
| 200 | 1 | @a新中国美术图史@AXin Zhong Guo Mei Shu Tu Shi@e1949-1966@f陈履生著@FChen Lu Sheng Zhu |
| 210 | @a北京@c中国青年出版社@d2000 | |
| 215 | @a388页@c彩图@d16开 | |
| 517 | @a1949-1966 | |
| 606 | 0 | @a艺术@x中国 |
| 606 | 0 | @a美术史@y中国 |
| 690 | @aJ120.97-64@v4 | |
| 701 | @a陈履生@4著 | |
| 801 | @aCN@bTSTC@c20021022 | |
| 905 | @b316053-055@dJ120.97-64@e41:1@f3 | |
| 新中国美术图史:1949-1966/陈履生著.-北京:中国青年出版社,2000 |
| 388页:彩图;16开 |
| ISBN 7-5006-3973-2:CNY168.00 |
| ● |
| 相关链接 |
|
|
|
|
正题名:新中国美术图史
索取号:J120.97-64/41:1
 
预约/预借
| 序号 | 登录号 | 条形码 | 馆藏地/架位号 | 状态 | 备注 |
| 1 | 0316053 | 203160532 | 第一借阅区/ [索取号:J120.97-64/41:1] | 在馆 | |
| 2 | 0316054 | 203160541 | 第一借阅区/ [索取号:J120.97-64/41:1] | 在馆 | |
| 3 | 0316055 | 203160550 | 第一样本阅览室/ [索取号:J120.97-64/41:1] | 在馆 |